Las nulidades

Guardat en:
Dades bibliogràfiques
Autor principal: Pozo Silva, Nelson (Autor)
Format: Llibre
Idioma:espanyol
Publicat: Santiago PuntoLex 2008
Edició:1a. ed
Matèries:
Etiquetes: Afegir etiqueta
Sense etiquetes, Sigues el primer a etiquetar aquest registre!

MARC

LEADER 00000nam a2200000 a 4500
001 UCI9907
003 CL-VaPUC
008 081218e20080000CL |||||||||||||||||spa|d
020 |a 9789568541453 
082 0 4 |a 347.8305  |b POZ  |2 21 
100 0 |a Pozo Silva, Nelson  |e author  |9 533946 
245 1 4 |a Las nulidades 
250 |a 1a. ed 
300 |a 320 p 
942 |c BK 
945 |d 20081218 00:00:00  |a rbrito 
260 |a Santiago  |b PuntoLex  |c 2008 
650 0 |a Nulidad   |9 256755 
650 0 |a Nulidad procesal   |9 336734 
650 7 |a CODIGO DE PROCEDIMIENTO PENAL  |2 CL-VaPUC  |9 256474 
650 0 |a Derecho procesal penal  |9 255496 
650 0 |a Actos jurídicos  |9 255748 
650 0 |a Jurisprudencia  |9 255952 
583 |a last modification  |c 20180511 12:24:58  |k Rodrigo Vera 
999 |c 332353  |d 332351 
952 |0 0  |1 0  |4 0  |6 347_830500000000000_POZ_2008  |7 0  |8 A  |9 419967  |a BIBDER  |b BIBDER  |d 2019-11-22  |i 4506367  |o 347.8305 POZ 2008  |p 4506367  |r 2023-01-25  |w 2019-11-22  |y BK  |k DER